| 000 | 00551nam a22001811a 4500 | ||
|---|---|---|---|
| 001 | 5223 | ||
| 003 | OSt | ||
| 005 | 20260204212007.0 | ||
| 008 | 051210s1991||||dr ||||||b||||||||||spa|| | ||
| 050 | _aRD 248.844 P415p | ||
| 100 | _aPerez Memén, Fernando | ||
| 245 | _aEl padre Castellanos / Fernando Perez Memén y José Luís Sáez S. J. | ||
| 264 | _aSanto Domingo : Amigo del Hogar | ||
| 300 | _a157 p | ||
| 490 | _aSerie hombre de iglesia N.5 | ||
| 650 | _a1.Hombres - Guía de Vida Cristiana 2.Biografía - Padre CastellanoÌ | ||
| 942 |
_2ddc _cBK |
||
| 999 |
_c5223 _d5223 |
||